Five Countries with Most Press Freedom by Continent - Statistics

General Stats
  • This quiz has been taken 2,264 times
  • The average score is 20 of 30
Answer Stats
Continent Score Country % Correct
North America 10.99 Canada
95%
Oceania 17.03 Australia
92%
Oceania 10.06 New Zealand
91%
Europe 7.75 Norway
90%
Europe 9.47 Sweden
90%
Europe 7.52 Finland
88%
Asia 26.95 Japan
86%
Africa 22.06 South Africa
86%
South America 23.00 Chile
85%
Europe 8.24 Denmark
85%
South America 26.11 Argentina
83%
Asia 26.55 South Korea
82%
South America 15.94 Uruguay
80%
South America 27.21 Guyana
75%
South America 18.20 Suriname
75%
Europe 9.22 Netherlands
69%
Oceania 25.87 Papua New Guinea
65%
Oceania 22.32 Samoa
64%
North America 12.26 Costa Rica
63%
Oceania 23.37 Tonga
63%
Asia 24.83 Taiwan
62%
North America 11.18 Jamaica
61%
North America 18.54 Belize
53%
Africa 22.91 Botswana
48%
North America 22.39 Trinidad & Tobago
46%
Africa 12.50 Namibia
45%
Africa 20.69 Cape Verde
35%
Africa 15.50 Ghana
33%
Asia 16.52 Cyprus
26%
Asia 25.25 Mongolia
26%
No matching quizzes found
Score Distribution
Percent of People with Each Score
Percentile by Number Answered
Your Score History
You have not taken this quiz